000 01994nam a2200385 i 4500
001 193399
003 SpMaBN
005 20250712063140.0
007 ta
008 070518s2007 sp | ||| ||spa
016 7 _abimoBNE20070364755
_2SpMaBN
017 _aM 5527-2007
_bOficina Depósito Legal Madrid
020 _a9788483746271
035 _a(OCoLC)434031060
040 _aSpMaBN
_bspa
_cSpMaBN
_erdc
080 _a821.134.2-31"19"
100 1 _aBilbao, Daniel,
_d1960-
_0XX998402
_9234543
_eaut
245 1 0 _aMarca de fuego /
_cDaniel Bilbao
250 _aPrimera edición: abril, 2007
260 _aMadrid :
_bHuerga y Fierro,
_c2007
300 _a411 páginas ;
_c22 cm
336 _2rdacontent
_aTexto
337 _2rdamedia
_asin mediación
338 _2rdacarrier
_avolumen
500 _aEn el lomo: 285
520 _aUna novela negra enmarcada en un sorprendente y verosímil futuro cercano. Más allá de una trama dura y controlada, tejida con unos personajes memorables, nos vemos inmersos en un mundo donde muchos de los problemas actuales, como la escasez de agua, la corrupción o la influencia de las multinacionales, han llegado a una lógica e inquietante conclusión. Eneko Amboto, alias Bolto, se nos revela como el perfecto anti-héroe. De disparo fácil, mente rápida y una moralidad muy personal, nos conduce con su ironía ácida a lo largo de una historia cuyas piezas sólo encajan en la última página.
655 7 _9226784
_aNovelas negras
852 _aES-MaACL
_bR. 154753
_cDEPOJ
_jN-9553
_9200850
_hDonación: Daniel Bilbao
_gDedicatoria autógrafa del autor
_xEncuadernación rústica con solapas
903 _9234543
_aBilbao, Daniel,
_d1960-
_ednr
942 _n0
_cMONOGRAFIA
999 _c193399
_d193399